<?xml version="1.0" encoding="UTF-8"?>
<record
    xmlns:xsi="http://www.w3.org/2001/XMLSchema-instance"
    xsi:schemaLocation="http://www.loc.gov/MARC21/slim http://www.loc.gov/standards/marcxml/schema/MARC21slim.xsd"
    xmlns="http://www.loc.gov/MARC21/slim">

  <leader>02269nam a2200229Ia 4500</leader>
  <controlfield tag="003">OSt</controlfield>
  <controlfield tag="005">20230222212338.0</controlfield>
  <controlfield tag="008">180524s2005    CNT           000 0 und d</controlfield>
  <datafield tag="020" ind1=" " ind2=" ">
    <subfield code="a">0975862006</subfield>
  </datafield>
  <datafield tag="040" ind1=" " ind2=" ">
    <subfield code="c">New Zealand National Baha'i Reference Library</subfield>
  </datafield>
  <datafield tag="100" ind1=" " ind2=" ">
    <subfield code="a">Johnathan King</subfield>
    <subfield code="9">1788</subfield>
  </datafield>
  <datafield tag="245" ind1="1" ind2="0">
    <subfield code="a">The Chosen Path : Stories of How Everyday People Became Bah&#xE1;'&#xED;s</subfield>
  </datafield>
  <datafield tag="246" ind1=" " ind2=" ">
    <subfield code="a">The Chosen Path : Inspiration Stories on Why People Became Bah&#xE1;'&#xED;s</subfield>
  </datafield>
  <datafield tag="260" ind1=" " ind2=" ">
    <subfield code="a">Austin, TX</subfield>
    <subfield code="b">Azamat Publications</subfield>
    <subfield code="c">2005</subfield>
  </datafield>
  <datafield tag="300" ind1=" " ind2=" ">
    <subfield code="a">vii, 208</subfield>
  </datafield>
  <datafield tag="500" ind1=" " ind2=" ">
    <subfield code="a">The Chosen Path is an anthology of stories that chronicles the unique lives of forty-five people from different walks of life who became Baha'is from every corner of the globe. This book highlights individuals from a wide array of religious backgrounds - Christian, Jewish, Muslim, Buddhist, Zoroastrian, Hindu, Agnostic, Atheist, the Occult - who were once searching for the truth, and ultimately found their way to becoming adherents of the Baha'i Faith. Each story is personal and touching in its own way, and shows the diverse paths and backgrounds that make up the Baha&#x2019;i community.</subfield>
  </datafield>
  <datafield tag="520" ind1="3" ind2=" ">
    <subfield code="a">Tricia Hague-Blackford -- Robert Travell -- Diane A. Mahboubi -- Carol Mullen -- Reginald Newkirk -- Yusef Tarwala -- Agatha Nketisiah -- Kyle Whitfield -- Lois Kulecho -- Jeanette Corsino -- Scott Brodie -- Julius Garga -- Damansane Gama -- Aneri Santiago -- Kathi Ruiz -- Ha Le -- Jonathan King -- Chief Michael Uwadianoe -- Joyce Raine -- Lou Meyer -- Eve Mnisi -- Rennett Gove -- Charles Duncan -- Estelle Perkins -- Miguel Watler -- Vision Poole -- Diane Tufts -- Joel Caverly -- Adrienne Ellis Reeves -- Allen Forsyth -- Kurt Hein -- Gertrude White -- Natalija Utenkova -- Elisabeth Appels -- Dan Mitchell -- Glenn Asplund -- Evelyn Asplund -- Fitzgerald Clark -- Adelia Ellis -- Jesse Fish -- Guadalupe Flores -- Barbara McAtee -- Jennifer Hall -- Ida Spruill -- Judith Alexander -- Naledi Raspberry.</subfield>
  </datafield>
  <datafield tag="650" ind1=" " ind2="0">
    <subfield code="a">Conversion Narratives</subfield>
    <subfield code="v">Baha'i Faith</subfield>
    <subfield code="9">401</subfield>
  </datafield>
  <datafield tag="650" ind1=" " ind2="0">
    <subfield code="a">Biography</subfield>
    <subfield code="v">Baha'i Faith</subfield>
    <subfield code="9">170</subfield>
  </datafield>
  <datafield tag="856" ind1=" " ind2=" ">
    <subfield code="3">PDF</subfield>
    <subfield code="u">https://library.abs.org.nz/cgi-bin/koha/opac-retrieve-file.pl?id=1bbc433ecf7de371b55a7764678da0c9</subfield>
    <subfield code="y">The Chosen Path : Stories of How Everyday People Became Bah&#xE1;'&#xED;s</subfield>
  </datafield>
  <datafield tag="942" ind1=" " ind2=" ">
    <subfield code="2">ddc</subfield>
    <subfield code="c">BOOK</subfield>
  </datafield>
  <datafield tag="999" ind1=" " ind2=" ">
    <subfield code="c">30712</subfield>
    <subfield code="d">30712</subfield>
  </datafield>
  <datafield tag="952" ind1=" " ind2=" ">
    <subfield code="0">0</subfield>
    <subfield code="1">0</subfield>
    <subfield code="2">ddc</subfield>
    <subfield code="4">0</subfield>
    <subfield code="7">0</subfield>
    <subfield code="a">NZNBRL</subfield>
    <subfield code="b">NZNBRL</subfield>
    <subfield code="d">2023-02-22</subfield>
    <subfield code="l">0</subfield>
    <subfield code="r">2023-02-22 00:00:00</subfield>
    <subfield code="w">2023-02-22</subfield>
    <subfield code="y">BOOK</subfield>
  </datafield>
</record>
